| 000 | 00561nam a2200205Ia 4500 | ||
|---|---|---|---|
| 005 | 20250508152806.0 | ||
| 008 | 008 250505s9999 xx 000 0 eng d | ||
| 037 | _aTextual | ||
| 040 |
_aFEDL _beng _cFEDL |
||
| 041 |
_aeng _2eng |
||
| 084 |
_a023.5, STE _qFEDL |
||
| 100 |
_aStebbins Kathleen B _945170 |
||
| 245 | 0 | _aPersonnel administration in libraries | |
| 260 |
_aNew York, USA _bScarecrow Press _c1958 |
||
| 300 | _a304p | ||
| 365 |
_aUSD _b6 |
||
| 650 | _aLibrary science | ||
| 942 |
_cTEXL _h023.5, STE |
||
| 999 |
_c1338784 _d1338784 |
||